Statistics for Agricultural Products of which Mexico is Top Exporter

Click here to take the quiz!

General Stats

  • This quiz has been taken 46 times
  • The average score is 4 of 9

Answer Stats

Answer% Correct
Avocado
90%
Green Peppers
59%
Tomato
59%
Guava
39%
Lime
39%
Mango
39%
Papaya
37%
Watermelon
24%
Cucumber
20%

Score Distribution

Percentile by Number Answered

Percent of People with Each Score

Your Score History

You have not taken this quiz